Care management in practice for registered manager Award/ (Record no. 821)

MARC details
000 -LEADER
fixed length control field 00664nam a22002177a 4500
003 - CONTROL NUMBER IDENTIFIER
control field OSt
005 - DATE AND TIME OF LATEST TRANSACTION
control field 20141215151909.0
008 - FIXED-LENGTH DATA ELEMENTS--GENERAL INFORMATION
fixed length control field 141215b xxu||||| |||| 00| 0 eng d
020 ## - INTERNATIONAL STANDARD BOOK NUMBER
International Standard Book Number 0435401599
040 ## - CATALOGING SOURCE
Transcribing agency DNLM
082 ## - DEWEY DECIMAL CLASSIFICATION NUMBER
Classification number W 84.7 T361c 2003
100 ## - MAIN ENTRY--PERSONAL NAME
Personal name Thomas Andrew Dr.
9 (RLIN) 2222
245 ## - TITLE STATEMENT
Title Care management in practice for registered manager Award/
Remainder of title Dr. Andrew Thomas, Lynda Mason and Sharon Ford.
260 ## - PUBLICATION, DISTRIBUTION, ETC. (IMPRINT)
Place of publication, distribution, etc. U K :
Name of publisher, distributor, etc. Heinemann
Date of publication, distribution, etc. 2003
300 ## - PHYSICAL DESCRIPTION
Extent vi, 394 p :
Other physical details ill ;
Dimensions 29 cm.
504 ## - BIBLIOGRAPHY, ETC. NOTE
Bibliography, etc Includes Bibliographical references and Index.
650 ## - SUBJECT ADDED ENTRY--TOPICAL TERM
Source of heading or term Care management
700 ## - ADDED ENTRY--PERSONAL NAME
Personal name Mason Lynda
9 (RLIN) 2223
700 ## - ADDED ENTRY--PERSONAL NAME
Personal name Ford Sharon
9 (RLIN) 2224
942 ## - ADDED ENTRY ELEMENTS (KOHA)
Source of classification or shelving scheme Other/Generic Classification Scheme
Koha item type Short Loan
Holdings
Withdrawn status Lost status Source of classification or shelving scheme Damaged status Not for loan Home library Current library Date acquired Source of acquisition Inventory number Total Checkouts Full call number Barcode Date last seen Price effective from Koha item type
    Other/Generic Classification Scheme     MUST Main Library MUST Main Library 15/12/2014   2006/27443   W 84.7 T361c 2003 2014-3450 15/12/2014 15/12/2014 Short Loan
    Other/Generic Classification Scheme     MUST Main Library MUST Main Library 10/03/2017   2005/23307   W 84.7 T361c 2003 2017-0375 10/03/2017 10/03/2017 Open Shelf